Game of Thrones Characters by Victims - Statistics

General Stats
  • This quiz has been taken 460 times
  • The average score is 25 of 35
Answer Stats
Victims Killer % Correct
Polliver, Meryn Trant, The Waif, Walder Rivers, Lothar Frey, Walder Frey, Petyr Baelish Arya Stark
97%
Ellia Martell, Oberyn Martell, Ser Hugh of the Vale Gregor Clegane
96%
Shae, Tywin Lannister Tyrion Lannister
95%
Qhorin Halfhand, Karl Tanner, Styr, Orell, Mance Rayder, Janos Slynt, Alliser Thorne, Olly, Othell Yarwyck, Bowen Marsh Jon Snow
94%
Lancel Lannister, Kevan Lannister, Margaery Tyrell, High Sparrow, Loras Tyrell, Mace Tyrell, Tyene Sand Cersei Lannister
93%
Kraznys, Khal Moro, Dickon Tarly, Randyll Tarly, Khal Drogo, Mirri Maz Duur, Pyat Pree Daenerys Targaryen
93%
Viserys Targaryen, Mago Khal Drogo
92%
Ros, Eddard Stark Joffrey Baratheon
91%
Roose Bolton, Rickon Stark, Osha, Wun Wun, Walda Bolton Ramsay Bolton
91%
Jory Cassel, Aegon Targaryen, Olenna Tyrell, Alton Lannister, Torrhen Karstark Jaime Lannister
90%
Robb Stark Roose Bolton
88%
Three-Eyed Raven, Viserion Night King
87%
Lysa Arryn Petyr Baelish
87%
Will, Lady, Arthur Dayne, Gerold Hightower Eddard Stark
86%
Jon Arryn Lysa Arryn
86%
Joffrey Baratheon Olenna Tyrell
86%
Balon Greyjoy, Obara Sand, Nymeria Sand Euron Greyjoy
84%
Shireen Baratheon, Axell Florent, Renly Baratheon Melisandre
78%
Stannis Baratheon, Emmon Cuy, Robar Royce, Tom Brienne of Tarth
76%
Ygritte, Jon Snow Olly
76%
Wallen, Rickard Karstark Robb Stark
74%
Rodrik Cassel, Myranda, Stiv, Bill, Jack Theon Greyjoy
74%
Mycah, Beric Dondarrion, Lem Lemoncloak, Lowell, Steve, Riddell, Morgan, Gatins Sandor Clegane
73%
Myrcella Baratheon, Doran Martell Ellaria Sand
71%
Syrio Forel Meryn Trant
70%
Willem Lannister, Martyn Lannister Rickard Karstark
63%
The Tickler, Armory Lorch Jaqen H'ghar
52%
Smalljon Umber, Lord of Bones Tormund Giantsbane
49%
Pyp, Guymon Ygritte
43%
Locke Hodor
39%
Craster Karl Tanner
38%
Jeor Mormont Rast
36%
Qotho Jorah Mormont
35%
Vardis Egen Bronn
34%
Oznak Zo Pahl, Mero, Prendahl na Ghezn, Mossador, Iggo, Akho Daario Naharis
34%
No matching quizzes found
Score Distribution
Percent of People with Each Score
Percentile by Number Answered
Your Score History
You have not taken this quiz